[Event "St Petersburg White Nights op"]
[Site "St Petersburg"]
[Date "2004.??.??"]
[Round "8"]
[White "Vunder, Yakov"]
[Black "Golovchenko, Gleb"]
[Result "1/2-1/2"]
[WhiteElo "2194"]
[BlackElo "2335"]
[PlyCount "81"]
[EventDate "2004.06.??"]
[EventType "swiss"]
[EventRounds "9"]
[EventCountry "RUS"]
[SourceTitle "CBM 100 Extra"]
[Source "ChessBase"]
[SourceDate "2004.07.06"]
[SourceVersion "2"]
[SourceVersionDate "2004.07.06"]
[SourceQuality "1"]

1. c4 e5 2. g3 Nc6 3. Bg2 f5 4. Nc3 Nf6 5. e3 g6 6. Nge2 Bg7 7. d4 e4 8. 0-0 0-0 9. f3 exf3 10. Bxf3 d6 11. Nf4 Re8 12. Rb1 a6 13. b4 Ne4 14. Nxe4 fxe4 15. Bg4 Bxg4 16. Qxg4 b5 17. Qe2 Qg5 18. Qc2 Kh8 19. cxb5 Qxb5 20. Bd2 Nxd4 21. exd4 Bxd4+ 22. Kg2 e3 23. Be1 Rf8 24. Qe4 Bg7 25. Qd5 c6 26. Qd3 Rf5 27. Bc3 Qxd3 28. Bxg7+ Kxg7 29. Nxd3 Rd5 30. Nf4 Rd2+ 31. Kg1 d5 32. Rfe1 d4 33. Rbd1 Re8 34. h4 h6 35. a4 a5 36. bxa5 c5 37. Rc1 g5 38. hxg5 hxg5 39. Ng2 Rf8 40. Rxc5 Rff2 41. Nxe3 1/2-1/2

[Event "RUS-Cup 300 years"]
[Site "St Petersburg"]
[Date "2003.10.23"]
[Round "6"]
[White "Golovchenko, Gleb"]
[Black "Frolochkin, Vladimir"]
[Result "1-0"]
[WhiteElo "2320"]
[BlackElo "2116"]
[PlyCount "87"]
[EventDate "2003.10.18"]
[EventType "swiss"]
[EventRounds "9"]
[EventCountry "RUS"]
[SourceTitle "EXT 2004"]
[Source "ChessBase"]
[SourceDate "2003.11.25"]
[SourceVersion "1"]
[SourceVersionDate "2003.11.25"]
[SourceQuality "1"]

1. d4 Nf6 2. c4 c5 3. d5 b5 4. cxb5 a6 5. bxa6 g6 6. Nc3 Bxa6 7. g3 d6 8. Bg2 Bg7 9. Nh3 0-0 10. 0-0 Nbd7 11. Bd2 Qc7 12. Rb1 Rfb8 13. Qc2 Ng4 14. b3 Ra7 15. a4 Rab7 16. Rfe1 Nge5 17. f4 Ng4 18. e3 c4 19. b4 Rxb4 20. Nb5 R4xb5 21. axb5 Rxb5 22. Rxb5 Bxb5 23. Bc3 Ba4 24. Qd2 Bb3 25. Nf2 Nxf2 26. Kxf2 Nc5 27. Ra1 Qb7 28. Bxg7 Kxg7 29. Kg1 Nd3 30. Qc3+ f6 31. Qd4 Qb4 32. Qe4 Qb7 33. Qd4 Qb4 34. h3 Kf7 35. Ra7 Qe1+ 36. Kh2 Nc5 37. f5 g5 38. Qg4 Bd1 39. Qxc4 Qxe3 40. Ra8 Be2 41. Qb4 Kg7 42. Qb8 Nd7 43. Qh8+ Kh6 44. Rg8 1-0